000 01046nam a2200301 u 4500
001 67065
005 20191007111042.0
008 170330s2012 sp a r 000 0 spa d
020 _a9788427717480
040 _erda
041 0 _aspa
082 0 _a378.1734
_bALO
100 1 _aAlonso Díaz, Laura,
_eautor
245 1 3 _aEl docente de educación virtual :
_bguía básica /
_cLaura Alonso Díaz, Florentino Blázquez Entonado.
250 _a[Primera edición]
264 1 _aEspaña :
_bNarcea,
_c2012
300 _a174 páginas :
_bilustraciones ;
_c23 cm.
336 _atexto
_2rdacontent
_btxt
337 _asin medio
_2rdamedia
_bn
338 _avolumen
_2rdacarrier
_bnc
490 0 _aUniversitaria
500 _aIncluye orientaciones y ejemplos del uso de educativo de Moodle
650 4 _aMoodle (programa de computadora)
650 4 _aEnseñanza superior
_xInformática
650 4 _aEnseñanza superior
_xInnovaciones
700 1 _aBlázquez Entonado, Florentino,
_eautor
999 _c67065
_d67065
942 _h378.1734
_iALO
_cLI